000 01550nam0a22003611 4500
001 rc\2157885
005 20230727110104.0
035 _a(NLR Aleph) 006493922
090 _a6161383
_c6161383
100 _a20110829d1978 |||y0rusy50 ca
101 0 _arus
_ageo
102 _aRU
105 _ac a |||||
200 1 _aАрнольд Чикобава
_eБиобиблиография
_f[Сост. М.И. Баркава, К.А. Гвердцители
_gВступ. статья Т. Шарадзенидзе
_gРед.: С.А. Хадури, Т.С. Шарадзенидзе]
210 _aТбилиси
_cМецниереба
_d1978
215 _a195 с., 1 л. портр.
_d22
225 1 _aБиблиографическая серия "Грузинские ученые"
300 _aТекст на рус. и груз. яз.
300 _aВступ. статья парал. на рус., груз. и англ. яз.
300 _aВ надзаг.: АН ГССР, Центр. науч. б-ка
300 _aЗагл. также на груз. яз.
517 0 _aГрузинские ученые
702 1 _aШарадзенидзе
_bТ.
_4570
702 1 _aХадури
_bС. А.
_4340
702 1 _aГвердцители
_bК. А.
_4220
702 1 _aБаркава
_bМ. И.
_4220
712 0 2 _aАН ГССР
_cТбилиси
_bЦентральная науч. б-ка
_3RU\NLR\AUTH\8810969
801 0 _aRU
_bNLR
_gpsbo
801 1 _aRU
_bELAR
_2rusmarc
852 _aNLR
_bОНЛ
942 _cBOOK
980 _aNB